000 00291nam a2200121Ia 4500
005 20251222155134.0
008 251222s9999||||xx |||||||||||||| ||spa||
082 _aNUT.24
100 _aM. VerĂ³nica.
245 0 _aLineamientos generales guias alimentarias
264 _bINCAP
942 _cLIB
999 _c38911
_d38911